00477 2200169 4500001002100000005001500021035002000036245005900056100002600115300003400141260004000175082001300215084001900228020001800247600002500265990001700290INLIS00000000000084120250424071258 a0010-04250000201 aManajemen Pendidikan Indonesia /cSoebagio Atmodiwirio0 aAtmodiwirio, Soebagio a358 hlm :bilus ;c15 X 23 cm aJakarta :bPT Ardadizya Jaya,c2000 a371.1958 a371.1958 ATM m a979-658-003-9 4aManajemen Pendidikan a3196/PP/2024